004830000a2200133000450024501300000065000240013065000290015465000120018365000300019565100370022504100130026210000240027577300500029910aAssessment of forest fragmentation in Southern New England using remote sensing and geographic information systems technology14aPatrones espaciales14aTasas de fragmentación14aBosques14aEcología de poblaciones 4dNueva InglaterrapEstados Unidos0 aInglés1 aVogelmann, James E.1 tConservation Biology324h2q439-449d1995g9